Cities By Their Roman Names - Statistics

General Stats
  • This quiz has been taken 33 times
  • The average score is 14 of 25
Answer Stats
Hint Answer % Correct
Roma Rome
100%
Florentia Florence
97%
Londinium London
97%
Constantinopolis Istanbul
93%
Venetiae Venice
93%
Thessalonica Thessaloniki
87%
Corduba Cordoba
83%
Barcino Barcelona
80%
Bonna Bonn
73%
Lutetia Paris
73%
Colonia Cologne
70%
Antalia Antalya
67%
Taurinorum Turin
67%
Mediolanum Milan
50%
Vindobona Vienna
43%
Barium Bari
40%
Bononia Bologna
30%
Turicum Zurich
30%
Mamucium Manchester
23%
Serdica Sofia
23%
Berytus Beirut
17%
Romula Seville
17%
Nida Frankfurt
10%
Iuvavum Salzburg
10%
Gerulata Bratislava
0%
No matching quizzes found
Score Distribution
Percent of People with Each Score
Percentile by Number Answered
Your Score History
You have not taken this quiz